000 00390nam a22001217a 4500
008 230609b xxu||||| |||| 00| 0 eng d
082 _a352.4908
_bKEN
245 _a2010/2011 Estimates of Recurrent Expenditure of the Government of Kenya for the Year Ending 30th June, 2011
_b(Votes R32- R61)
260 _aNairobi,Kenya
_bGOK
_cJune,2010
300 _aX,1593p
440 _vIII
942 _2ddc
_cBK
999 _c940
_d940